Países por récords geográficos raros - Estadísticas

Estadísticas generales
  • Esta prueba ha sido intentada 45 veces
  • La puntuación promedio es 11 de 15
Estadísticas de respuestas
Hint Respuesta % Correcto
Con la selva tropical más grande del mundo Brasil
100%
Con la muralla más larga del mundo China
98%
Con el rio más largo del mundo Egipto
90%
Con el volcán activo más grande de Europa Italia
90%
Más lagos naturales Canada
88%
El lago más profundo del mundo Rusia
85%
Más volcanes activos Indonesia
83%
La montaña más alta fuera de Asia Argentina
80%
Con el desierto de sal más grande del mundo Bolivia
73%
La temperatura mas alta jamas registrada Kuwait / Iran
73%
La carretera más recta del mundo Arabia Saudi
65%
Con la mayor cantidad de islas Suecia
65%
Mayor cantidad de desiertos Australia
55%
Con la ciudad más antigua habitada continuamente Siria
53%
Mayor cantidad de idiomas hablados Papua Nueva Guinea
45%
No se encontraron pruebas coincidentes
Distribución de puntuación
Porcentaje de gente con cada puntuación
Porcentaje por número respondido
Historial de tus puntuaciones
No has intentado esta prueba.